000 00691cam a2200157 4500500
005 20260322002613.0
041 _afre
042 _adc
100 1 0 _aBaujard, Monique
_eauthor
245 0 0 _aAgnès Demazières, Sans loi ni foi. Prêtres et violences sexuelles au cœur du système catholique. Payot, “Histoire”, 2024, 240 pages, €21.50.
260 _c2025.
500 _a68
520 _aArtemisia, exhibited at the Musée Jacquemart-André, portrays women who resist male violence, echoing her own story.
786 0 _nÉtudes | Jui | 6 | 2025-05-21 | p. 143-143 | 0014-1941
856 4 1 _uhttps://shs.cairn.info/journal-etudes-2025-6-page-143?lang=en&redirect-ssocas=7080
999 _c1724895
_d1724895